Biggest cities in West Bengal on a Map - Statistics

General Stats
  • This quiz has been taken 59 times
  • The average score is 6 of 15
Answers on the Map
Answers color-coded by a green-red scale on the quiz's map according to % correct below.
 
Answer Stats
Population Answer % Correct
14,112,536 Kolkata
98%
1,243,008 Asansol
76%
701,489 Siliguri
74%
581,409 Durgapur
70%
324,237 English Bazaar
61%
293,719 Kharagpur
44%
200,762 Haldia
43%
347,016 Burdwan
33%
199,758 Raiganj
33%
304,584 Habra
20%
288,718 Shantipur
17%
239,022 Dhulian
9%
305,609 Berhampur
7%
235,583 Ranaghat
7%
249,840 Dankuni
0%
No matching quizzes found
Score Distribution
Percent of People with Each Score
Percentile by Number Answered
Your Score History
You have not taken this quiz